| Tag |
First Indicator |
Second Indicator |
Subfields |
| LEADER |
00000cam a2200000 a 4500 |
| 001 |
in00000014186 |
| 005 |
20151007052145.0 |
| 008 |
850904s1985 wb b 00110 eng |
| 010 |
|
|
|a 85019865
|
| 020 |
|
|
|a 0899251218 (U.S.) :
|c $41.95 (est.)
|
| 035 |
|
|
|a (OCoLC)12612255
|
| 035 |
|
|
|9 AAA6547AM
|
| 040 |
|
|
|a DLC
|c DLC
|d m/c
|d TXA
|d UtOrBLW
|
| 049 |
|
|
|a TXAM
|c [A10019236]
|
| 050 |
0 |
0 |
|a BF692
|b .R265 1985
|
| 082 |
0 |
|
|a 306.7
|2 19
|
| 100 |
1 |
|
|a Rancour-Laferriere, Daniel.
|
| 245 |
1 |
0 |
|a Signs of the flesh :
|b an essay on the evolution of hominid sexuality /
|c Daniel Rancour-Laferriere.
|
| 264 |
|
1 |
|a Berlin ;
|a New York :
|b Mouton,
|c [1985]
|
| 264 |
|
4 |
|c ©1985
|
| 300 |
|
|
|a x, 473 pages ;
|c 24 cm.
|
| 336 |
|
|
|a text
|b txt
|2 rdacontent
|
| 337 |
|
|
|a unmediated
|b n
|2 rdamedia
|
| 338 |
|
|
|a volume
|b nc
|2 rdacarrier
|
| 490 |
1 |
|
|a Approaches to semiotics ;
|v 71
|
| 504 |
|
|
|a Bibliography: pages [389]-452.
|
| 500 |
|
|
|a Includes index.
|
| 650 |
|
0 |
|a Sex (Psychology)
|
| 650 |
|
0 |
|a Sex role.
|
| 650 |
|
0 |
|a Sex differences (Psychology)
|
| 830 |
|
0 |
|a Approaches to semiotics ;
|v 71.
|
| 999 |
|
|
|a MARS
|
| 999 |
f |
f |
|s f74c5fc9-1122-3180-b576-163d41e1a904
|i 4d11b79f-5966-30c6-b568-42ba75da04c0
|t 0
|
| 952 |
f |
f |
|p ric
|a Texas A&M University
|b Rellis Campus
|c Joint Library Facility
|d Remote Storage
|t 0
|e BF692 .R265 1985
|h Library of Congress classification
|i unmediated -- volume
|m A14810019236
|
| 998 |
f |
f |
|a BF692 .R265 1985
|t 0
|l Remote Storage
|